000 01892nam a22004097a 4500
003 PE-LiUPU
005 20250731180159.0
008 230531b |||||||| |||| 00| 0 spa d
040 _bspa
_cPE-LiUPU
_dPE-LiUPU
_erda
082 _220
_a515.33
_bM669c
100 _aMiquel y Merino, Pablo.
_eautor.
_91125
245 _aCurso de Cálculo Diferencial /
_cPor Pablo Miquel y Merino.
264 _aLa Habana :
_bCultural S.A.,
_c1957.
300 _a290 páginas :
_bIlustrado ;
_c24 centímetros.
500 _aProfesor titular de análisis matemático de la Universidad de la Habana.
505 _aConjunto, función. Límite y Continuidad -- Derivadas y diferenciales en funciones de una sola variable -- Derivadas y diferenciales sucesivas -- Propiedades de la derivada -- Aplicaciones geométricas sencillas de la derivada -- Derivadas con respecto al tiempo. Razones -- Funciones de varias variables -- Funciones compuestas. Derivadas totales -- Diferenciales y derivadas totales sucesivas -- Derivadas y diferenciales de funciones implícitas -- Máximos y mínimos -- Teoría del contacto entre curvas planas. Puntos de inflexión. Curvatura -- Asíntolas. Puntos singulares. Trazado de curvas -- Curvas alabeadas y nociones sobre las superficies -- Envolventes.
526 _aSEG44
526 _aSEG26
526 _aP159
526 _aP155
526 _aP154
526 _aP153
526 _aP150
526 _aP100
526 _aP31
526 _aP30
526 _aP26
526 _aP25
526 _aP24
526 _aP22
526 _aP15
526 _aP10
650 0 _aCálculo Diferencial.
_91126
942 _2ddc
_cBK
_n0
980 _623148
_aAnálisis Documental EVILA ACOSTA
_81
_gALBERTO SANCHEZ Responsable de Automatización
999 _c61809
_d61809